000 00521nam a2200205Ia 4500
003 OSt
005 20220926041733.0
006 a|||||r|||| 00| 0
007 ta
008 220923b |||||||| |||| 00| 0 eng d
037 _cGeneral Book
040 _aRTL
_cRTL
_beng
041 _2eng
_aeng
082 _aX9:8D, J6
100 _aGoldschmidt H O
_9345287
245 0 _aFinancial planning in industry
650 _aFinance
942 _hX9:8D, J6
_cGB
_2CC
999 _c667916
_d667916